Untersuchungen zu Alkohol und Fahren

Saved in:  
Bibliographic Details
Format: Print Series/Journal
Language:German
Published: Bergisch Gladbach Anst. 1979-
Köln Anstt. anfangs
In:Year: 1979
Check availability: HBZ Gateway
Volumes / Articles:Show volumes/articles.
Keywords:

MARC

LEADER 00000cas a2200000 c 4500
001 129192481
003 DE-627
005 20230405031854.0
007 tu
008 931114c19799999gw z| m| 0 |0ger c
016 7 |a 010468676  |2 DE-101 
016 7 |a 53423-7  |2 DE-600 
035 |a (DE-627)129192481 
035 |a (DE-576)912919248X 
035 |a (DE-599)ZDB53423-7 
035 |a (OCoLC)1367322729 
040 |a DE-627  |b ger  |c DE-627  |e rakwb 
041 |a ger 
044 |c XA-DE 
082 0 4 |a 380  |q DE-600 
245 0 0 |a Untersuchungen zu Alkohol und Fahren  |c Forschungsprojekt 7612/52 der Bundesanstalt für Straßenwesen, Bereich Unfallforschung 
264 3 1 |a Bergisch Gladbach  |b Anst.  |c 1979- 
264 2 1 |a Köln  |b Anstt.  |c anfangs 
336 |a Text  |b txt  |2 rdacontent 
337 |a ohne Hilfsmittel zu benutzen  |b n  |2 rdamedia 
338 |a Band  |b nc  |2 rdacarrier 
362 0 |a 1.1979 - 
363 0 1 |a 1  |i 1979 
655 7 |a Monografische Reihe  |0 (DE-588)4179998-7  |0 (DE-627)104628669  |0 (DE-576)209995106  |2 gnd-content 
787 0 8 |i 1=24; 2=41; 3=45; 4=46; 5=48; 6=56; 7=59; 8=60; 9=61; 10=102; 11=115; 12=119 u.a. von  |a Bundesanstalt für Straßenwesen. Bereich Unfallforschung  |t Forschungsberichte der Bundesanstalt für Straßenwesen, Bereich Unfallforschung  |d Bergisch Gladbach : Bundesanst., 1977  |w (DE-627)129338370  |w (DE-600)144184-X  |w (DE-576)018066445  |x 0173-7066 
935 |i sdedup20220301 
951 |a ST 
ELC |b 1 
ORI |a SA-MARC-krimdok_ob001.raw 
SPR |a 1  |t KRI